| 000 | 00752nam a22002890a 4500 | ||
|---|---|---|---|
| 001 | PT40227 | ||
| 003 | AR-LpoUNG | ||
| 005 | 20250227143358.0 | ||
| 008 | 191001s2010||||ag |||||||||||||||||spa d | ||
| 020 |
_a9789870400714 _c$6 |
||
| 040 |
_aAR-LpoUNG _bspa _cAR-LpoUNG _eaacr |
||
| 041 | 0 | _aspa | |
| 044 | _aag | ||
| 082 | 0 | _a808.068 3 473pul | |
| 100 | 1 | _aPescetti, Luis María | |
| 245 | 1 | 3 | _aEl pulpo está crudo |
| 250 | _a2da. ed., 8va. reimpr. | ||
| 260 |
_aBuenos Aires : _bAlfaguara, _c2010. |
||
| 300 |
_a62 p. : _bil. |
||
| 505 | 0 | _aSugerido a partir de 8 años (etiqueta CELESTE) | |
| 650 | 4 | _aCUENTOS | |
| 650 | 4 | _aLITERATURA | |
| 653 | 0 | _aLITERATURA INFANTIL | |
| 700 | 1 |
_aO'Kif _eil. |
|
| 905 | _a40227 | ||
| 942 |
_cLIB _2ddc |
||
| 999 |
_c5762 _d5762 |
||